Flagi państw anglojęzycznych - Statystyki

Ogólne statystyki
  • Ten quiz został rozwiązany 58 razy
  • Średni wynik to 47 z 56
Statystyki odpowiedzi
Obrazkowy Odpowiedź % Poprawnych
Irlandia
93%
Stany Zjednoczone
93%
Indie
91%
Jamajka
91%
Kanada
91%
Republika Południowej Afryki
91%
Singapur
91%
Malta
89%
Nigeria
89%
Nowa Zelandia
89%
Papua-Nowa Gwinea
89%
Antigua i Barbuda
87%
Barbados
87%
Fidżi
87%
Filipiny
87%
Ghana
87%
Kenia
87%
Liberia
87%
Malawi
87%
Pakistan
87%
Seszele
87%
Tanzania
87%
Tonga
87%
Uganda
87%
Zimbabwe
87%
Bahamy
84%
Dominika
84%
Eswatini
84%
Kamerun
84%
Kiribati
84%
Lesotho
84%
Mikronezja
84%
Rwanda
84%
Sudan
84%
Trynidad i Tobago
84%
Zambia
84%
Belize
82%
Botswana
82%
Burundi
82%
Gambia
82%
Namibia
82%
Palau
82%
Saint Lucia
82%
Grenada
80%
Gujana
80%
Mauritius
80%
Nauru
80%
Saint Vincent i Grenadyny
80%
Sierra Leone
80%
Saint Kitts i Nevis
78%
Vanuatu
78%
Wyspy Marshalla
78%
Wyspy Salomona
78%
Sudan Południowy
76%
Tuvalu
76%
Samoa
73%
Nie znaleziono quizów pasujących do podanych kryteriów
Rozkład punktacji
Procent ludzi z każdym wynikiem
Percentyl według liczby udzielonych odpowiedzi
Twoja historia wyników
Nie rozwiązałeś tego quizu